000 00434cam a2200169ua 4500
020 _c885.00
041 _aeng
_h
082 _a028.702
_bCHA/GE
100 _aChand, Tara .
245 0 0 _aGeneral studies manual 2008 /
_cTara Chand.
_hTextual Documents
260 _aNew Delhi :
_bTata Mc-Graw Hill Publishing Company ,
_c2008.
300 _a ; .
365 _a885.00
504 _a
942 _cBK
999 _c13343
_d13343